000
00427nam a2200145Ia 4500
008
100204s9999 xx 000 0 und d
082
_b
14661
100
_a
रानडे जयंत
245
_a
डबल मर्डर
260
_b
"पुजा प्रकाशन , मुंबई"
_c
1989
300
_a
180
630
_a
डबल मर्डर
730
_a
डबल मर्डर
942
_c
BOOK
999
_c
459092
_d
459089